La reforma educativa española y la educación permanente/ Ricardo Diez Hochleitner, Joaquin Tena Artigas; Marcelio Garcia Cuerpo (Record no. 133075)
[ view plain ]
| 000 -CABECERA | |
|---|---|
| campo de control de longitud fija | 00851nam a2200217 a 4500 |
| 005 - FECHA Y HORA DE LA ÚLTIMA TRANSACCIÓN | |
| campo de control | 20210219160216.0 |
| 008 - ELEMENTOS DE LONGITUD FIJA--INFORMACIÓN GENERAL | |
| campo de control de longitud fija | 080925s2000 mx r 000 0 spa d |
| 020 ## - NÚMERO INTERNACIONAL NORMALIZADO PARA LIBROS | |
| Número Internacional Estándar del Libro | 923101434X |
| 035 ## - NÚMERO DE CONTROL DEL SISTEMA | |
| Número de control de sistema | UPN01000160962 |
| 049 ## - COLECCIÓN | |
| Colección | UNE |
| 080 ## - NÚMERO DE CLASIFICACIÓN DECIMAL UNIVERSAL | |
| Número de la Clasificación Decimal Universal | 37.014.3 (46) =40 HOC No.31. |
| 100 1# - ASIENTO PRINCIPAL--NOMBRE PERSONAL | |
| Nombre de persona | Hochleitner, Ricardo Díez. |
| 245 13 - MENCIÓN DE TÍTULO | |
| Título | La reforma educativa española y la educación permanente/ Ricardo Diez Hochleitner, Joaquin Tena Artigas; Marcelio Garcia Cuerpo |
| 260 ## - PUBLICACIÓN, DISTRIBUCIÓN, ETC. | |
| Lugar de publicación, distribución, etc. | Paris : UNESCO; Ginebra : OIE, 1978. |
| 300 ## - DESCRIPCIÓN FÍSICA | |
| Extensión | 102 p.; 21 cm. fot. -- |
| 440 #0 - MENCIÓN DE SERIE/ASIENTO SECUNDARIO--TÍTULO | |
| Título | (Expériences et innovations en éducation; 31) |
| 690 ## - PUNTO DE ACCESO ADICIONAL DE MATERIA LOCAL--TÉRMINO DE MATERIA (OCLC, RLIN) | |
| Término de materia o nombre geográfico como elemento inicial | España- Reforma de la educacion- Educacion permanente |
| 690 ## - PUNTO DE ACCESO ADICIONAL DE MATERIA LOCAL--TÉRMINO DE MATERIA (OCLC, RLIN) | |
| Término de materia o nombre geográfico como elemento inicial | Modelos educacionales- Evaluacion de la educacion- España |
| 690 ## - PUNTO DE ACCESO ADICIONAL DE MATERIA LOCAL--TÉRMINO DE MATERIA (OCLC, RLIN) | |
| Término de materia o nombre geográfico como elemento inicial | Sistemas educacionales- Factores socioeconomicos- España |
| 905 ## - TIPO DE MATERIAL | |
| Tipo de material | UNESCO |
No items available.
